00386nam a2200109 a 450000500170000000800410001705000230005824500880008126000590016930000210022865000270024920140310183149.0020821s19uu xx 00 eng d aHF 1001b.N49 2000 aThe New international webster's pocket business dictionary of the English language. a[Naples, Fla.] :bTrident Press International, c2000. a318 p. :c18 cm. aBusinessxdictionaries